000 00259nam a2200109Ia 4500
008 220204s9999 xx 000 0 und d
082 _a82-3FRI
_bSES
100 _aFrith, M
245 0 _aSesame street treasury
260 _aNew York
_bRandom
_c1979
942 _cBK
999 _c38510
_d38510